000 00809nam a22002297a 4500
003 LK-CoDNM
005 20241022121718.0
008 241015b |||||||| |||| 00| 0 eng d
040 _aLK-CoDNM
_dLK-CoDNM
_eLK-CoDNM
041 _asin
080 _aප්‍ර.බ
_b28.10
100 _aකේ. ඩී. සුමනසේකර මහතා
245 _aබෞද්ධ බලය-1937
_b8 කාණ්ඩය 1 කලාපය
260 _aමහනුවර-කොළඹ
_bයූනියන් යන්ත්‍රාලය
_c1937
300 _b6p. ; 26 cm
650 _aබෞද්ධ බලය-1937
650 _a8 කාණ්ඩය 1 කලාපය
650 _aකේ. ඩී. සුමනසේකර මහතා
650 _aප්‍ර.බ 28.10
650 _a1937
942 _cBK
999 _c220935
_d220935